| 000 | 02093nam a22003737i 4500 | ||
|---|---|---|---|
| 001 | sky308962791 | ||
| 003 | SKY | ||
| 005 | 20260114164500.0 | ||
| 008 | 230503t20202020mnua j 000 1 eng d | ||
| 020 |
_a9781959223153 _q(paperback) |
||
| 020 |
_a1959223151 _q(paperback) |
||
| 040 |
_aMvI-NWLS _beng _erda _cMvI-NWLS |
||
| 092 |
_achildren nonfiction _bTyner |
||
| 100 | 1 |
_aTyner, Artika R., _eauthor. _96473342 |
|
| 245 | 1 | 0 |
_aKofi loves music / _cby Dr. Artika Tyner ; illustrations by Bilal Karaca. |
| 250 | _aFirst edition. | ||
| 264 | 1 |
_aSaint Paul, Minnesota : _bPlanting People Growing Justice Press, _c[2020] |
|
| 264 | 4 |
_c2020. _aSaint Paul, Minnesota : _bPlanting People Growing Justice Press, |
|
| 300 |
_a1 volume (unpaged) : _bcolor illustrations ; _c24 cm. |
||
| 336 | _atext | ||
| 336 | _astill image | ||
| 337 | _aunmediated | ||
| 338 | _avolume | ||
| 520 | _a"If we can come together, if we can build together, if we can make music together…We will build the type of harmony we need to promote love, justice, and freedom. Kofi Loves Music celebrates the power of music in bringing families together, embracing cultural heritage, and engaging in community-building. This counting book also introduces African instruments which have influenced music-making around the world. Enjoy learning about new instruments and having fun with Kofi as he learns to play music with his family. Join Kofi and his family in creating something special together--music." --publisher's website. | ||
| 650 | 0 |
_aMusical instruments _zAfrica _vJuvenile fiction. _96559195 |
|
| 650 | 0 |
_aAfrican Americans _vMusic _vJuvenile fiction. _96559196 |
|
| 650 | 0 |
_aAfrican American families _vJuvenile fiction. _95792313 |
|
| 650 | 0 |
_aCreation (Literary, artistic, etc.) _vJuvenile fiction. _96372818 |
|
| 650 | 0 |
_aCounting _vJuvenile fiction. _95693413 |
|
| 650 | 0 |
_aBlack people _vJuvenile fiction. _96462473 |
|
| 655 | 7 |
_aPicture books. _2lcgft. |
|
| 700 | 1 |
_aKaraca, Bilal, _d1992- _eillustrator. _96559197 |
|
| 942 |
_2ddc _cBOOK |
||
| 999 |
_c415264 _d415264 |
||